[Event "XXIX Cracovia 2018"]
[Site "Krakow"]
[Date "2018.12.30"]
[Round "5"]
[White "Kusnetsov, Sergey"]
[Black "Lewicki, Miroslaw"]
[Result "0-1"]
[WhiteElo "2257"]
[BlackElo "2347"]
[Annotator "NA"]
[PlyCount "79"]
[EventDate "2018.12.27"]
[EventType "swiss"]
[EventCountry "POL"]
[SourceTitle "playchess.com"]
[Source "ChessBase"]
[SourceQuality "1"]
[TimeControl "40/5400+30:1800+30"]

1. c4 {[%emt 0:00:00]} Nf6 {[%emt 0:08:13]} 2. Nf3 {[%emt 0:00:02]} e6 {[%emt 0:00:15]} 3. g3 {[%emt 0:00:08]} b6 {[%emt 0:00:40]} 4. Bg2 {[%emt 0:00:20]} Bb7 {[%emt 0:00:08]} 5. O-O {[%emt 0:00:16]} Be7 {[%emt 0:00:05]} 6. d4 {[%emt 0:00:34]} O-O {[%emt 0:00:21]} 7. d5 {[%emt 0:03:46]} exd5 {[%emt 0:00:50]} 8. Nh4 {[%emt 0:00:10]} c6 {[%emt 0:01:31]} 9. cxd5 {[%emt 0:00:13]} Nxd5 {[%emt 0:00:43]} 10. Nf5 {[%emt 0:00:10]} Nc7 {[%emt 0:05:23]} 11. Nc3 {[%emt 0:00:23]} d5 {[%emt 0:00:42]} 12. e4 {[%emt 0:00:58]} dxe4 {[%emt 0:05:44]} 13. Qxd8 {[%emt 0:01:05]} Bxd8 {[%emt 0:00:08]} 14. Nxe4 {[%emt 0:00:47]} Nd5 {[%emt 0:03:59]} 15. Rd1 {[%emt 0:02:59]} Nd7 {[%emt 0:00:46]} 16. b4 {[%emt 0:05:35]} N7f6 {[%emt 0:08:40]} 17. Ned6 {[%emt 0:03:16]} Bc8 {[%emt 0:03:20]} 18. b5 {[%emt 0:04:50]} Be6 {[%emt 0:00:53]} 19. bxc6 {[%emt 0:02:33]} Bc7 {[%emt 0:01:56]} 20. Ba3 {[%emt 0:05:34]} Rfd8 {[%emt 0:01:54]} 21. g4 {[%emt 0:26:09]} g6 {[%emt 0:20:32]} 22. Nb5 {[%emt 0:05:50]} Be5 {[%emt 0:06:26]} 23. Ne7+ {[%emt 0:03:22]} Nxe7 {[%emt 0:05:29]} 24. Bxe7 {[%emt 0:01:09]} Re8 {[%emt 0:02:27]} 25. Bxf6 {[%emt 0:01:37]} Bxf6 {[%emt 0:00:06]} 26. c7 {[%emt 0:08:39]} Rac8 {[%emt 0:06:01]} 27. Rac1 {[%emt 0:00:44]} Bg5 {[%emt 0:01:16]} 28. Rc2 {[%emt 0:01:02]} Bxg4 {[%emt 0:00:12]} 29. Rf1 {[%emt 0:12:42]} Bf5 {[%emt 0:00:54]} 30. Rc3 {[%emt 0:02:26]} Bf6 {[%emt 0:04:50]} 31. Ra3 {[%emt 0:00:55]} Re5 {[%emt 0:03:15]} 32. Bb7 {[%emt 0:04:39]} Rxb5 {[%emt 0:00:41]} 33. Bxc8 {[%emt 0:00:02]} Bxc8 {[%emt 0:00:06]} 34. Rxa7 {[%emt 0:00:13]} Rc5 {[%emt 0:00:15]} 35. Rd1 {[%emt 0:00:23]} Kg7 {[%emt 0:01:07]} 36. f4 {[%emt 0:02:42]} Rc2 {[%emt 0:00:59]} 37. Rd3 {[%emt 0:00:55]} Bf5 {[%emt 0:00:42]} 38. Rd5 {[%emt 0:00:52]} Bh4 {[%emt 0:00:27]} 39. Re5 {[%emt 0:00:55]} Bh3 {[%emt 0:00:27]} 40. c8=Q 0-1

[Event "XXIX Cracovia 2018"]
[Site "Krakow"]
[Date "2018.12.30"]
[Round "5"]
[White "Kokoszczynski, Jan"]
[Black "Heinzel, Olaf"]
[Result "1/2-1/2"]
[WhiteElo "2242"]
[BlackElo "2326"]
[Annotator "NA"]
[PlyCount "69"]
[EventDate "2018.12.27"]
[EventType "swiss"]
[EventCountry "POL"]
[SourceTitle "playchess.com"]
[Source "ChessBase"]
[SourceQuality "1"]
[TimeControl "40/5400+30:1800+30"]

1. e4 d5 2. exd5 Qxd5 3. Nc3 Qd6 4. d4 Nf6 5. Nf3 c6 6. g3 Bg4 7. Bg2 e6 8. h3 Bxf3 9. Bxf3 Qc7 10. Be3 Nbd7 11. Qe2 Bd6 12. Bg2 O-O 13. O-O Nb6 14. Rfd1 Nbd5 15. Nxd5 cxd5 16. c3 Rab8 17. a4 Rfc8 18. Bd2 Qd7 19. Qd3 Bc7 20. b3 Ba5 21. Rac1 Ne8 22. Bf4 Bc7 23. Be3 Nd6 24. c4 dxc4 25. bxc4 Nf5 26. d5 Nxe3 27. Qxe3 exd5 28. Bxd5 Qxa4 29. Ra1 Qb4 30. Rdb1 Qd6 31. Rxa7 b5 32. Qf3 Qc5 33. Ra2 bxc4 34. Rc1 Qe7 35. Bxc4 1/2-1/2

[Event "XXIX Cracovia 2018"]
[Site "Krakow"]
[Date "2018.12.30"]
[Round "5"]
[White "Ustinov, Alexey"]
[Black "Zakrzewski, Marek"]
[Result "1-0"]
[WhiteElo "2232"]
[BlackElo "2311"]
[Annotator "NA"]
[PlyCount "56"]
[EventDate "2018.12.27"]
[EventType "swiss"]
[EventCountry "POL"]
[SourceTitle "playchess.com"]
[Source "ChessBase"]
[SourceQuality "1"]
[TimeControl "40/5400+30:1800+30"]

1. Nf3 {[%emt 0:00:04]} c5 {[%emt 0:00:00]} 2. c4 {[%emt 0:00:10]} Nc6 {[%emt 0:00:19]} 3. Nc3 {[%emt 0:00:14]} g6 {[%emt 0:00:18]} 4. e3 {[%emt 0:01:50]} Nf6 {[%emt 0:00:08]} 5. d4 {[%emt 0:00:11]} cxd4 {[%emt 0:00:08]} 6. exd4 {[%emt 0:00:03]} d5 {[%emt 0:00:10]} 7. cxd5 {[%emt 0:01:34]} Nxd5 {[%emt 0:00:10]} 8. Qb3 {[%emt 0:00:49]} e6 {[%emt 0:00:43]} 9. Bb5 {[%emt 0:05:21]} Bg7 {[%emt 0:01:13]} 10. Bg5 {[%emt 0:00:15]} f6 {[%emt 0:03:25]} 11. Bd2 {[%emt 0:03:53]} O-O {[%emt 0:02:03]} 12. h4 {[%emt 0:09:28]} a6 {[%emt 0:10:45]} 13. Bxc6 {[%emt 0:05:14]} bxc6 {[%emt 0:01:39]} 14. Ne4 {[%emt 0:04:15]} e5 {[%emt 0:07:10]} 15. dxe5 {[%emt 0:13:01]} Bg4 {[%emt 0:00:39]} 16. exf6 {[%emt 0:05:52]} Bxf6 {[%emt 0:00:27]} 17. Bg5 {[%emt 0:03:41]} Qe8 {[%emt 0:10:04]} 18. Nfd2 {[%emt 0:01:41]} Rb8 {[%emt 0:00:56]} 19. Qg3 {[%emt 0:03:50]} Bf5 {[%emt 0:02:07]} 20. O-O {[%emt 0:03:31]} Bxe4 {[%emt 0:04:06]} 21. Rae1 {[%emt 0:01:57]} Be5 {[%emt 0:01:10]} 22. f4 {[%emt 0:04:51]} Bd4+ {[%emt 0:01:02]} 23. Kh2 {[%emt 0:00:13]} Ne3 {[%emt 0:01:16]} 24. Rxe3 {[%emt 0:00:05]} Bxe3 {[%emt 0:00:06]} 25. Qxe3 {[%emt 0:00:02]} Bd5 {[%emt 0:06:40]} 26. Qd4 {[%emt 0:00:33]} Qf7 {[%emt 0:03:14]} 27. f5 {[%emt 0:05:31]} gxf5 {[%emt 0:01:26]} 28. Bh6 {[%emt 0:00:35]} Qg6 {[%emt 0:00:45]} 1-0

[Event "XXIX Cracovia 2018"]
[Site "Krakow"]
[Date "2018.12.30"]
[Round "5"]
[White "Lukasiewicz, Krzysztof"]
[Black "Zylka, Stanislaw"]
[Result "1/2-1/2"]
[WhiteElo "2223"]
[BlackElo "2305"]
[Annotator "NA"]
[PlyCount "65"]
[EventDate "2018.12.27"]
[EventType "swiss"]
[EventCountry "POL"]
[SourceTitle "playchess.com"]
[Source "ChessBase"]
[SourceQuality "1"]
[TimeControl "40/5400+30:1800+30"]

1. d4 {[%emt 0:00:00]} Nf6 {[%emt 0:00:00]} 2. Bf4 {[%emt 0:00:00]} e6 {[%emt 0:00:00]} 3. e3 {[%emt 0:00:08]} c5 {[%emt 0:00:06]} 4. Nf3 {[%emt 0:00:09]} d5 {[%emt 0:00:45]} 5. c3 {[%emt 0:00:52]} Nc6 {[%emt 0:00:07]} 6. Nbd2 {[%emt 0:00:05]} cxd4 {[%emt 0:00:09]} 7. exd4 {[%emt 0:00:07]} Nh5 {[%emt 0:00:22]} 8. Be3 {[%emt 0:00:26]} Bd6 {[%emt 0:00:23]} 9. Ne5 {[%emt 0:00:07]} g6 {[%emt 0:00:42]} 10. g4 {[%emt 0:01:18]} Nf6 {[%emt 0:01:12]} 11. Nxc6 {[%emt 0:21:15]} bxc6 {[%emt 0:00:11]} 12. h4 {[%emt 0:00:10]} h5 {[%emt 0:04:41]} 13. gxh5 {[%emt 0:05:03]} Nxh5 {[%emt 0:00:18]} 14. Nf3 {[%emt 0:00:31]} Rb8 {[%emt 0:00:46]} 15. Qd2 {[%emt 0:02:21]} Qb6 {[%emt 0:00:57]} 16. Rb1 {[%emt 0:01:46]} Ba6 {[%emt 0:01:54]} 17. Bh3 {[%emt 0:01:28]} Qb5 {[%emt 0:01:27]} 18. Bf1 {[%emt 0:07:02]} Qa5 {[%emt 0:02:08]} 19. b3 {[%emt 0:00:06]} Bxf1 {[%emt 0:00:51]} 20. Kxf1 {[%emt 0:00:03]} Qc7 {[%emt 0:07:02]} 21. Re1 {[%emt 0:00:30]} a5 {[%emt 0:02:09]} 22. Qc2 {[%emt 0:02:40]} Ng7 {[%emt 0:01:42]} 23. Bg5 {[%emt 0:00:53]} Rh5 {[%emt 0:01:39]} 24. Bf6 {[%emt 0:01:22]} Nf5 {[%emt 0:01:43]} 25. Rg1 {[%emt 0:01:48]} c5 {[%emt 0:10:46]} 26. Qe2 {[%emt 0:05:34]} cxd4 {[%emt 0:04:11]} 27. cxd4 {[%emt 0:00:32]} Qc6 {[%emt 0:05:48]} 28. Rg5 {[%emt 0:06:11]} Rxg5 {[%emt 0:01:23]} 29. hxg5 {[%emt 0:05:34]} Qb5 {[%emt 0:07:35]} 30. Qxb5+ {[%emt 0:00:52]} Rxb5 {[%emt 0:00:03]} 31. Kg2 {[%emt 0:00:08]} a4 {[%emt 0:01:47]} 32. bxa4 {[%emt 0:00:32]} Ra5 {[%emt 0:02:39]} 33. Rh1 {[%emt 0:07:54]} 1/2-1/2

[Event "XXIX Cracovia 2018"]
[Site "Krakow"]
[Date "2018.12.30"]
[Round "5"]
[White "Kusnetsov, Igor"]
[Black "Nikitin, Aleksander I"]
[Result "0-1"]
[WhiteElo "2094"]
[BlackElo "2031"]
[Annotator "NA"]
[PlyCount "68"]
[EventDate "2018.12.27"]
[EventType "swiss"]
[EventCountry "POL"]
[SourceTitle "playchess.com"]
[Source "ChessBase"]
[SourceQuality "1"]
[TimeControl "40/5400+30:1800+30"]

1. c4 f5 2. Nc3 Nf6 3. d4 d6 4. Nf3 c6 5. Bg5 g6 6. Bxf6 exf6 7. e3 h5 8. Bd3 Na6 9. Nh4 Kf7 10. Qb3 Bh6 11. O-O-O Qa5 12. a3 Rb8 13. Kb1 Be6 14. d5 cxd5 15. cxd5 Bd7 16. Bb5 Qb6 17. Nf3 Nc7 18. Ba4 Qxb3 19. Bxb3 b5 20. Ne2 b4 21. a4 Na6 22. Bc4 Nc5 23. b3 Rhc8 24. Nfd4 Ne4 25. Rhf1 Rc7 26. Nc6 Re8 27. Nxb4 Rxc4 28. bxc4 Rb8 29. Kc1 Rxb4 30. a5 Rxc4+ 31. Kb2 Rb4+ 32. Ka3 Ra4+ 33. Kb2 Bb5 34. Rfe1 Nxf2 0-1

[Event "XXIX Cracovia 2018"]
[Site "Krakow"]
[Date "2018.12.30"]
[Round "5"]
[White "Siprashvili, Ivane"]
[Black "Zianowicz, Dominik"]
[Result "1-0"]
[WhiteElo "2074"]
[BlackElo "1969"]
[Annotator "NA"]
[PlyCount "101"]
[EventDate "2018.12.27"]
[EventType "swiss"]
[EventCountry "POL"]
[SourceTitle "playchess.com"]
[Source "ChessBase"]
[SourceQuality "1"]
[TimeControl "40/5400+30:1800+30"]

1. Nf3 d5 2. g3 c5 3. c4 d4 4. b4 cxb4 5. a3 b3 6. Qxb3 Nc6 7. d3 e5 8. Bg2 Qc7 9. O-O Bd6 10. e3 dxe3 11. Bxe3 Nf6 12. Nc3 a6 13. Rfc1 Qe7 14. Bg5 O-O 15. Nd5 Qe6 16. Bxf6 gxf6 17. Qb6 Ne7 18. Nd2 f5 19. Nc7 Bxc7 20. Qxc7 Nc6 21. Nb3 Qd7 22. Qxd7 Bxd7 23. Nc5 Be6 24. Bxc6 bxc6 25. Rab1 Rfb8 26. f4 e4 27. Nxe6 fxe6 28. dxe4 fxe4 29. Kf2 a5 30. Ke3 a4 31. Kxe4 Rb3 32. Rxb3 axb3 33. Ra1 Kf7 34. Kd4 b2 35. Rb1 h5 36. Rxb2 Rxa3 37. Kc5 h4 38. gxh4 Rf3 39. Kxc6 Rxf4 40. c5 Rxh4 41. Kb7 e5 42. c6 e4 43. c7 Rh8 44. c8=Q Rxc8 45. Kxc8 Ke6 46. Re2 Kd5 47. h4 Kd4 48. h5 Kd3 49. Rh2 e3 50. h6 e2 51. Rxe2 1-0

[Event "XXIX Cracovia 2018"]
[Site "Krakow"]
[Date "2018.12.30"]
[Round "5"]
[White "Jankowiak, Tomasz"]
[Black "Jablonska, Sabina"]
[Result "1-0"]
[WhiteElo "2070"]
[BlackElo "1964"]
[Annotator "NA"]
[PlyCount "47"]
[EventDate "2018.12.27"]
[EventType "swiss"]
[EventCountry "POL"]
[SourceTitle "playchess.com"]
[Source "ChessBase"]
[SourceQuality "1"]
[TimeControl "40/5400+30:1800+30"]

1. e4 e5 2. Nf3 Nc6 3. Bb5 Nge7 4. Nc3 g6 5. d4 exd4 6. Nd5 Nxd5 7. exd5 Qe7+ 8. Kf1 Ne5 9. Bf4 Bg7 10. Qxd4 f6 11. Re1 O-O 12. Nxe5 fxe5 13. Bxe5 Re8 14. f4 d6 15. Bxe8 dxe5 16. Bb5 Qf7 17. Rxe5 Bxe5 18. Qxe5 Bf5 19. Kf2 Rd8 20. Re1 a6 21. Ba4 Qf8 22. d6 h6 23. Bb3+ Kh7 24. Qe7+ 1-0

[Event "XXIX Cracovia 2018"]
[Site "Krakow"]
[Date "2018.12.30"]
[Round "5"]
[White "Budnik, Mateusz"]
[Black "Rysaev, Danial"]
[Result "1-0"]
[WhiteElo "2053"]
[BlackElo "1945"]
[Annotator "NA"]
[PlyCount "41"]
[EventDate "2018.12.27"]
[EventType "swiss"]
[EventCountry "POL"]
[SourceTitle "playchess.com"]
[Source "ChessBase"]
[SourceQuality "1"]
[TimeControl "40/5400+30:1800+30"]

1. e4 {[%emt 0:00:50]} e6 {[%emt 0:00:00]} 2. d4 {[%emt 0:00:06]} d5 {[%emt 0:00:01]} 3. Nd2 {[%emt 0:00:05]} Nf6 {[%emt 0:00:12]} 4. e5 {[%emt 0:00:12]} Nfd7 {[%emt 0:00:07]} 5. Bd3 {[%emt 0:00:36]} c5 {[%emt 0:00:10]} 6. c3 {[%emt 0:00:05]} Nc6 {[%emt 0:00:02]} 7. Ne2 {[%emt 0:00:06]} cxd4 {[%emt 0:00:06]} 8. cxd4 {[%emt 0:00:10]} f6 {[%emt 0:00:03]} 9. Nf4 {[%emt 0:02:24]} Nxd4 {[%emt 0:00:07]} 10. Qh5+ {[%emt 0:00:17]} Ke7 {[%emt 0:00:01]} 11. Ng6+ {[%emt 0:00:38]} hxg6 {[%emt 0:00:02]} 12. exf6+ {[%emt 0:00:09]} Kxf6 {[%emt 0:00:51]} 13. Qxh8 {[%emt 0:00:28]} Nc5 {[%emt 0:04:11]} 14. Qh4+ {[%emt 0:03:16]} Kf7 {[%emt 0:13:47]} 15. Bxg6+ {[%emt 0:06:39]} Kxg6 {[%emt 0:00:07]} 16. Qxd8 {[%emt 0:00:04]} Bd7 {[%emt 0:03:21]} 17. Qxa8 {[%emt 0:10:45]} Nd3+ {[%emt 0:00:32]} 18. Kf1 {[%emt 0:00:17]} Bb5 {[%emt 0:00:04]} 19. h4 {[%emt 0:00:51]} Bd6 {[%emt 0:00:21]} 20. g3 {[%emt 0:02:25]} Bb4 {[%emt 0:01:03]} 21. Kg2 {[%emt 0:01:46]} 1-0

[Event "XXIX Cracovia 2018"]
[Site "Krakow"]
[Date "2018.12.30"]
[Round "5"]
[White "Kumor, Lukasz"]
[Black "Adamczewski, Maciej"]
[Result "1-0"]
[WhiteElo "2040"]
[BlackElo "2080"]
[Annotator "NA"]
[PlyCount "79"]
[EventDate "2018.12.27"]
[EventType "swiss"]
[EventCountry "POL"]
[SourceTitle "playchess.com"]
[Source "ChessBase"]
[SourceQuality "1"]
[TimeControl "40/5400+30:1800+30"]

1. e4 {[%emt 0:04:46]} e6 {[%emt 0:00:00]} 2. d4 {[%emt 0:01:22]} d5 {[%emt 0:00:00]} 3. Nc3 {[%emt 0:01:03]} Nf6 {[%emt 0:00:00]} 4. Bg5 {[%emt 0:02:22]} Be7 {[%emt 0:00:00]} 5. e5 {[%emt 0:00:06]} Nfd7 {[%emt 0:00:04]} 6. h4 {[%emt 0:03:32]} h6 {[%emt 0:00:11]} 7. Be3 {[%emt 0:09:13]} c5 {[%emt 0:00:06]} 8. Qg4 {[%emt 0:00:07]} Kf8 {[%emt 0:00:04]} 9. dxc5 {[%emt 0:13:28]} Nxe5 {[%emt 0:05:29]} 10. Qg3 {[%emt 0:01:11]} Nbd7 {[%emt 0:02:19]} 11. O-O-O {[%emt 0:04:59]} Nc6 {[%emt 0:02:37]} 12. f4 {[%emt 0:22:31]} Bf6 {[%emt 0:04:49]} 13. Nge2 {[%emt 0:10:20]} Qa5 {[%emt 0:09:52]} 14. Qf2 {[%emt 0:01:13]} b5 {[%emt 0:10:37]} 15. cxb6 {[%emt 0:02:14]} Nxb6 {[%emt 0:08:46]} 16. Nd4 {[%emt 0:01:52]} Nxd4 {[%emt 0:03:35]} 17. Bxd4 {[%emt 0:00:42]} Nd7 {[%emt 0:01:26]} 18. Bb5 {[%emt 0:05:42]} Bxd4 {[%emt 0:04:30]} 19. Qxd4 {[%emt 0:01:14]} Nf6 {[%emt 0:00:41]} 20. g4 {[%emt 0:06:36]} a6 {[%emt 0:18:19]} 21. g5 {[%emt 0:03:34]} Ng8 {[%emt 0:00:37]} 22. Nxd5 {[%emt 0:01:54]} exd5 {[%emt 0:01:21]} 23. Qxd5 {[%emt 0:00:16]} axb5 {[%emt 0:01:19]} 24. Qd6+ {[%emt 0:00:21]} Ke8 {[%emt 0:00:17]} 25. Qc6+ {[%emt 0:00:39]} Kf8 {[%emt 0:00:09]} 26. Qd6+ {[%emt 0:00:29]} Ke8 {[%emt 0:00:05]} 27. Rhe1+ {[%emt 0:00:46]} Be6 {[%emt 0:00:45]} 28. f5 {[%emt 0:00:31]} Rd8 {[%emt 0:12:01]} 29. Qc6+ {[%emt 0:00:14]} Kf8 {[%emt 0:00:07]} 30. fxe6 {[%emt 0:00:46]} Ne7 {[%emt 0:00:48]} 31. Qf3 {[%emt 0:00:23]} Kg8 {[%emt 0:02:13]} 32. Qxf7+ {[%emt 0:00:21]} Kh7 {[%emt 0:00:04]} 33. Qxe7 {[%emt 0:00:29]} Rhe8 {[%emt 0:02:09]} 34. g6+ {[%emt 0:00:51]} Kh8 {[%emt 0:00:21]} 35. Qa3 {[%emt 0:00:32]} Rxd1+ {[%emt 0:02:03]} 36. Rxd1 {[%emt 0:00:20]} Qc7 {[%emt 0:00:09]} 37. Qd6 {[%emt 0:00:48]} Qc4 {[%emt 0:00:26]} 38. Qd7 {[%emt 0:00:26]} Rg8 {[%emt 0:01:03]} 39. e7 {[%emt 0:00:36]} Qe4 {[%emt 0:00:55]} 40. h5 {[%emt 0:00:00]} 1-0

[Event "XXIX Cracovia 2018"]
[Site "Krakow"]
[Date "2018.12.30"]
[Round "5"]
[White "Kvaratskhelia, Dimitri"]
[Black "Zelak, Wladyslaw"]
[Result "1-0"]
[WhiteElo "1996"]
[BlackElo "1833"]
[Annotator "NA"]
[PlyCount "60"]
[EventDate "2018.12.27"]
[EventType "swiss"]
[EventCountry "POL"]
[SourceTitle "playchess.com"]
[Source "ChessBase"]
[SourceQuality "1"]
[TimeControl "40/5400+30:1800+30"]

1. d4 Nf6 2. Nf3 d5 3. e3 e6 4. Bd3 Be7 5. O-O O-O 6. Nbd2 c5 7. b3 Nc6 8. Bb2 b6 9. a3 h6 10. c4 Rb8 11. Ne5 Qc7 12. Nxc6 Qxc6 13. Nf3 Nd7 14. cxd5 exd5 15. Rc1 Bb7 16. Qe2 Qe6 17. Bb1 Rfc8 18. Qd3 g6 19. Ne5 Nxe5 20. dxe5 c4 21. Qc3 Rd8 22. b4 a5 23. Qd2 axb4 24. axb4 d4 25. Bxd4 Bxg2 26. f4 Bxf1 27. Rxf1 Rbc8 28. Qg2 Kh8 29. Kh1 Rg8 30. Be4 Rcd8 1-0

[Event "XXIX Cracovia 2018"]
[Site "Krakow"]
[Date "2018.12.30"]
[Round "5"]
[White "Warchol, Bartosz"]
[Black "Patsia, Zviad"]
[Result "0-1"]
[WhiteElo "1975"]
[BlackElo "2058"]
[Annotator "NA"]
[PlyCount "82"]
[EventDate "2018.12.27"]
[EventType "swiss"]
[EventCountry "POL"]
[SourceTitle "playchess.com"]
[Source "ChessBase"]
[SourceQuality "1"]
[TimeControl "40/5400+30:1800+30"]

1. d4 {[%emt 0:00:00]} d5 {[%emt 0:00:30]} 2. c4 {[%emt 0:00:00]} dxc4 {[%emt 0:00:28]} 3. e3 {[%emt 0:00:12]} e5 {[%emt 0:00:13]} 4. Bxc4 {[%emt 0:00:41]} exd4 {[%emt 0:00:45]} 5. Qb3 {[%emt 0:02:55]} Qe7 {[%emt 0:01:27]} 6. Nf3 {[%emt 0:01:08]} Qb4+ {[%emt 0:00:49]} 7. Nbd2 {[%emt 0:05:28]} Qxb3 {[%emt 0:01:01]} 8. Nxb3 {[%emt 0:01:05]} Bb4+ {[%emt 0:00:25]} 9. Ke2 {[%emt 0:01:45]} dxe3 {[%emt 0:00:05]} 10. Bxe3 {[%emt 0:00:11]} Nf6 {[%emt 0:11:16]} 11. Rhd1 {[%emt 0:13:10]} O-O {[%emt 0:01:27]} 12. Nbd4 {[%emt 0:05:37]} c6 {[%emt 0:09:02]} 13. a3 {[%emt 0:02:33]} Be7 {[%emt 0:08:38]} 14. h3 {[%emt 0:01:41]} a6 {[%emt 0:14:13]} 15. a4 {[%emt 0:13:53]} a5 {[%emt 0:01:20]} 16. Nb3 {[%emt 0:03:20]} Bf5 {[%emt 0:01:34]} 17. Nh4 {[%emt 0:07:40]} Be4 {[%emt 0:02:37]} 18. f3 {[%emt 0:02:03]} Bd5 {[%emt 0:00:40]} 19. Rac1 {[%emt 0:02:52]} Nbd7 {[%emt 0:06:08]} 20. Nf5 {[%emt 0:01:27]} Bb4 {[%emt 0:01:02]} 21. Bf4 {[%emt 0:02:47]} Nb6 {[%emt 0:02:16]} 22. Bxd5 {[%emt 0:00:20]} Nfxd5 {[%emt 0:00:05]} 23. Bd6 {[%emt 0:02:12]} Rfe8+ {[%emt 0:03:27]} 24. Kf2 {[%emt 0:01:53]} Nxa4 {[%emt 0:00:34]} 25. Bxb4 {[%emt 0:03:17]} Nxb4 {[%emt 0:07:42]} 26. Rb1 {[%emt 0:10:59]} b6 {[%emt 0:01:16]} 27. Rd6 {[%emt 0:02:27]} g6 {[%emt 0:01:16]} 28. Nfd4 {[%emt 0:01:22]} Rad8 {[%emt 0:01:57]} 29. Rxd8 {[%emt 0:00:31]} Rxd8 {[%emt 0:00:07]} 30. Ke2 {[%emt 0:01:45]} c5 {[%emt 0:03:10]} 31. Nb5 {[%emt 0:00:20]} Nd3 {[%emt 0:00:46]} 32. Nd2 {[%emt 0:03:02]} Naxb2 {[%emt 0:01:14]} 33. Ne4 {[%emt 0:01:06]} Nc4 {[%emt 0:01:21]} 34. g3 {[%emt 0:01:21]} Nde5 {[%emt 0:02:38]} 35. f4 {[%emt 0:00:57]} Nc6 {[%emt 0:00:50]} 36. Rc1 {[%emt 0:00:44]} Nd4+ {[%emt 0:00:26]} 37. Nxd4 {[%emt 0:00:26]} Rxd4 {[%emt 0:00:04]} 38. Nc3 {[%emt 0:00:27]} Nd6 {[%emt 0:01:01]} 39. Rb1 {[%emt 0:00:35]} Ne4 {[%emt 0:00:12]} 40. Na2 {[%emt 0:00:00]} Nxg3+ {[%emt 0:00:00]} 41. Kf3 {[%emt 0:02:00]} Rd3+ {[%emt 0:01:17]} 0-1

[Event "XXIX Cracovia 2018"]
[Site "Krakow"]
[Date "2018.12.30"]
[Round "5"]
[White "Jankowiak, Piotr"]
[Black "Andronescu, Madalin"]
[Result "0-1"]
[WhiteElo "1952"]
[BlackElo "2070"]
[Annotator "NA"]
[PlyCount "110"]
[EventDate "2018.12.27"]
[EventType "swiss"]
[EventCountry "POL"]
[SourceTitle "playchess.com"]
[Source "ChessBase"]
[SourceQuality "1"]
[TimeControl "40/5400+30:1800+30"]

1. e4 {[%emt 0:00:00]} c5 {[%emt 0:00:00]} 2. Nf3 {[%emt 0:00:00]} d6 {[%emt 0:00:00]} 3. d4 {[%emt 0:00:00]} cxd4 {[%emt 0:00:00]} 4. Nxd4 {[%emt 0:00:01]} Nf6 {[%emt 0:00:00]} 5. f3 {[%emt 0:00:09]} Nc6 {[%emt 0:00:00]} 6. c4 {[%emt 0:00:11]} g6 {[%emt 0:00:10]} 7. Nc3 {[%emt 0:00:56]} Bg7 {[%emt 0:00:04]} 8. Be3 {[%emt 0:00:14]} O-O {[%emt 0:00:12]} 9. Qd2 {[%emt 0:00:45]} Be6 {[%emt 0:00:06]} 10. Be2 {[%emt 0:02:40]} Rc8 {[%emt 0:00:09]} 11. b3 {[%emt 0:01:30]} a6 {[%emt 0:04:19]} 12. Rc1 {[%emt 0:11:32]} Nd7 {[%emt 0:00:40]} 13. Nxe6 {[%emt 0:10:20]} fxe6 {[%emt 0:01:46]} 14. O-O {[%emt 0:00:14]} e5 {[%emt 0:00:19]} 15. Nd5 {[%emt 0:05:20]} Nd4 {[%emt 0:01:35]} 16. b4 {[%emt 0:16:38]} e6 {[%emt 0:04:25]} 17. Nc3 {[%emt 0:01:05]} Qb6 {[%emt 0:00:09]} 18. Kh1 {[%emt 0:09:01]} Qxb4 {[%emt 0:05:05]} 19. Rb1 {[%emt 0:00:40]} Qa5 {[%emt 0:00:16]} 20. Rxb7 {[%emt 0:02:44]} Nc5 {[%emt 0:01:41]} 21. Rb2 {[%emt 0:02:30]} Nxe2 {[%emt 0:17:21]} 22. Nxe2 {[%emt 0:00:26]} Qxd2 {[%emt 0:00:05]} 23. Rxd2 {[%emt 0:02:44]} Nb7 {[%emt 0:00:07]} 24. Rc1 {[%emt 0:14:58]} Rc6 {[%emt 0:04:39]} 25. Rdc2 {[%emt 0:01:29]} Rfc8 {[%emt 0:00:27]} 26. Rc3 {[%emt 0:02:46]} Na5 {[%emt 0:01:15]} 27. c5 {[%emt 0:08:58]} d5 {[%emt 0:00:04]} 28. Rd3 {[%emt 0:01:02]} d4 {[%emt 0:00:31]} 29. Bd2 {[%emt 0:03:14]} Rxc5 {[%emt 0:01:45]} 30. Rxc5 {[%emt 0:00:59]} Rxc5 {[%emt 0:00:04]} 31. f4 {[%emt 0:00:17]} Nc4 {[%emt 0:02:15]} 32. Bb4 {[%emt 0:01:45]} Rb5 {[%emt 0:00:07]} 33. Rb3 {[%emt 0:00:10]} a5 {[%emt 0:03:19]} 34. Be1 {[%emt 0:00:20]} Rxb3 {[%emt 0:02:15]} 35. axb3 {[%emt 0:00:01]} Nd6 {[%emt 0:00:40]} 36. fxe5 {[%emt 0:01:48]} Bxe5 {[%emt 0:00:06]} 37. Nc1 {[%emt 0:00:28]} Nxe4 {[%emt 0:00:40]} 38. Bxa5 {[%emt 0:00:32]} Nc5 {[%emt 0:04:31]} 39. b4 {[%emt 0:00:22]} Nb7 {[%emt 0:01:23]} 40. Bb6 {[%emt 0:00:00]} Kf7 {[%emt 0:00:00]} 41. Nd3 {[%emt 0:08:12]} Bf6 {[%emt 0:03:16]} 42. g3 {[%emt 0:04:17]} e5 {[%emt 0:01:55]} 43. Kg2 {[%emt 0:02:40]} Ke6 {[%emt 0:00:23]} 44. Kf3 {[%emt 0:02:37]} Kd5 {[%emt 0:00:39]} 45. Nf2 {[%emt 0:00:14]} Nd6 {[%emt 0:00:26]} 46. Bc7 {[%emt 0:02:37]} e4+ {[%emt 0:00:08]} 47. Ke2 {[%emt 0:01:36]} Nb5 {[%emt 0:00:06]} 48. Bf4 {[%emt 0:00:40]} Be7 {[%emt 0:02:43]} 49. Ng4 {[%emt 0:01:54]} Nc3+ {[%emt 0:03:51]} 50. Kd2 {[%emt 0:00:21]} Bxb4 {[%emt 0:01:00]} 51. Nf6+ {[%emt 0:00:24]} Kc4 {[%emt 0:00:05]} 52. Nxh7 {[%emt 0:01:04]} Nd5+ {[%emt 0:00:04]} 53. Kd1 {[%emt 0:00:22]} Kd3 {[%emt 0:01:44]} 54. Ng5 {[%emt 0:02:23]} Nxf4 {[%emt 0:00:53]} 55. gxf4 {[%emt 0:00:08]} e3 {[%emt 0:00:04]} 0-1

[Event "XXIX Cracovia 2018"]
[Site "Krakow"]
[Date "2018.12.31"]
[Round "6"]
[White "Klekowski, Maciej"]
[Black "Hnydiuk, Aleksander"]
[Result "1/2-1/2"]
[WhiteElo "2499"]
[BlackElo "2409"]
[Annotator "TA"]
[PlyCount "27"]
[EventDate "2018.12.27"]
[EventType "swiss"]
[EventCountry "POL"]
[SourceTitle "playchess.com"]
[Source "ChessBase"]
[SourceQuality "1"]

{[%evp 16,27,10,14,23,15,49,24,36,30,16,0,6,-87]} 1. c4 Nf6 2. Nc3 e5 3. g3 Bb4 4. Nf3 Bxc3 5. bxc3 d6 6. Bg2 O-O 7. Rb1 Nc6 8. O-O Rb8 9. d3 b6 {A29: English Opening: Four Knights Variation with 4 g3} 10. e4 $146 ({Predecessor:} 10. Bg5 Bb7 11. Nh4 h6 12. Bd2 e4 13. Nf5 Ne5 14. Bf4 Ng6 15. Bc1 exd3 16. exd3 Bxg2 17. Kxg2 {0-1 (35) Jezidzic,G (2179)-Cucancic,S (2255) Rijeka 2014}) 10... Nd7 11. Ne1 Ne7 12. Nc2 Bb7 13. f4 f5 14. Ne3 (14. fxe5 $11 dxe5 15. exf5) 1/2-1/2